Seguros en la propiedad horizontal

Bibliographic Details
Main Author: Meja̕ Delgado, Hernǹ
Format: eBook
Language:Spanish
Published: Bogot ̀: Ecoe ediciones, 2011
Series:Textos universitarios. Economa̕ y finanzas
Subjects:
Online Access:Acceso restringido

MARC

LEADER 00000nam a22000007a 4500
005 20120402130743.0
007 cr|||| ||||
008 120402s2011 co |||||s|||| 00||0 spa d
020 |a 978-958-648-726-9 
035 |a 6259 
040 |a vLex 
090 |c 3118  |d 3118 
100 1 |a Meja̕ Delgado, Hernǹ 
245 1 0 |a Seguros en la propiedad horizontal  |h [Recurso electrn̤ico] /  |c Hernǹ Meja̕ Delgado  
256 |a Servicio en ln̕ea 
260 |a Bogot ̀:  |b Ecoe ediciones,  |c 2011 
300 |a 1 recurso electrn̤ico 
490 0 |a Textos universitarios. Economa̕ y finanzas  
500 |a Dirigido a las comunidades de copropietarios para crear conciencia de lo vulnerables que somos y lo expuestos que estamos a perderlo todo por una gran diversidad de eventos. As ̕mismo, nos presenta cm̤o podemos llegar a asumir grandes přdidas por responsabilidad civil, robos y daǫs en maquinarias, entre otros, lo cual se explica en detalle. En la propiedad horizontal el seguro no es una opcin̤ sino una obligacin̤, consagrada en la Ley 675 que garantiza la reconstruccin̤ total de los bienes comunes afectados y aclara la contratacin̤ en cabeza y responsabilidad del administrador de la persona jurd̕ica. Las recomendaciones que se exponen sobre los planes de prevencin̤, contingencia y recuperacin̤ por siniestros, ayudarǹ a preservar la vida de los propietarios y la integridad de sus bienes. Un programa de prevencin̤ y seguros es una necesidad vital y este libro le explica el qu,̌ el por qu,̌ el cm̤o, el cuǹdo, el dn̤de y con quiň, exponiendo todo lo relacionado de una manera sencilla, clara y precisa.  
504 |a Incluye bibliografa̕  
506 1 |a Contenido solo disponible en los productos indicados  |d vLex Global   |d vLex Global (Academic Edition, excluding Law Schools)   |d vLex Global (U.S. Academic Edition, Law Schools)   |d vLex Global (U.S. Academic Edition, excluding Law Schools)   |d vLex Global (Academic Edition, Law Schools)  
650 0 4 |a Seguros 
650 0 4 |a Propiedad horizontal 
740 0 |a vLex Libros (Servicio en ln̕ea) 
856 4 0 |u http://vlex.com/source/seguros-propiedad-horizontal-6259  |z Acceso restringido 
942 |c BOOK 
999 0 |a Insurance 
999 0 |a Condominiums